000 00893nam a2200265Ia 4500
003 OSt
005 20220930083316.0
006 a|||||r|||| 00| 0
007 ta
008 220926b |||||||| |||| 00| 0 eng d
024 _a75274
037 _cTheses
040 _aCRL
_cCRL
_beng
041 _2eng
_aeng
100 _aDewan Sunder Kishore
_9534429
110 _aUniversity of Delhi. Faculty of Medical Sciences. Department of Orthopaedics
_9519703
245 0 _aEvaluation of the functional results of tension band wiring in cases of fractures of olecranon process
260 _c1985
300 _a47p.
_ap.
_ccm.
650 _aORTHOPEDICS
_9519704
700 _a Dr. P K Dave Gu.
_9534430
700 _aUniversity of Delhi. Faculty of Medical Sciences. Department of Orthopaedics
_9519706
942 _cDIS
_2CC
999 _c875073
_d875073